Statistiques concernant Toutes les communes Françaises frontalières de l'Andorre

Cliquez ici pour prendre le quiz!

Statistiques générales

  • Ce quiz a été pris 14 fois
  • Le résultat moyen est 6 sur 9

Statistiques - réponses

DépartementCommune% Correct
Pyrénées-OrientalesPorta
100%
AriègeL'Hospitalet-près-l'Andorre
91%
Pyrénées-OrientalesPorté-Puymorens
91%
AriègeAuzat
82%
AriègeMérens-les-Vals
73%
AriègeAston
55%
AriègeGestiès
45%
AriègeLercoul
45%
AriègeSiguer
45%

Distribution des résultats

Percentile par nombre de réponses

% des personnes avec chaque résultat

Votre développement - résultats

Vous n’avez pas pris ce quiz